Tous les capitaines de ligue 1 2023/2024 - Statistiques

Statistiques générales
  • Ce quiz a été pris 112 fois
  • Le résultat moyen est 8 sur 12
Statistiques - réponses
Club Capitaine Nationalité % Correct
PSG Marquinhos Brésil
99%
OL Lacazette France
96%
Lens Fofana Cote d’Ivoire
93%
Monaco Ben Yedder France
92%
Nice Dante Bresil
92%
OM Rongier France
88%
Montpellier Savanier France
86%
Reims Abdelhamid Maroc
67%
Clermont Gastien France
51%
Brest Chardonnet France
32%
Lorient Le Goff France
26%
Metz Bronn Tunisie
21%
Aucun quiz correspondant
Distribution des résultats
% des personnes avec chaque résultat
Percentile par nombre de réponses
Votre historique - résultats
Vous n’avez pas pris ce quiz